Mystery Taylor Swift Song #63 - Statistics

General Stats
  • This quiz has been taken 388 times
  • The average score is 103 of 199
Answer Stats
Song % Correct
a
95%
I
93%
Red
89%
we
89%
the
87%
you
87%
me
84%
an
83%
in
83%
love
83%
to
82%
your
82%
be
81%
and
80%
it
80%
all
78%
Do
78%
when
78%
you're
78%
my
77%
were
77%
we're
77%
on
76%
too
76%
I'm
75%
so
74%
'bout
73%
no
73%
that
73%
think
73%
about
72%
for
72%
bet
71%
Is
71%
it's
71%
of
71%
who
71%
she
70%
say
69%
they
69%
know
68%
what
68%
But
67%
go?"
67%
was
67%
Oh
66%
"Oh
66%
I'll
65%
like
64%
mine
64%
shoes
64%
at
63%
she's
63%
"Why
63%
with
63%
don't
62%
just
62%
had
61%
not
61%
than
61%
can't
60%
did
60%
her
60%
now
60%
girl
59%
said
59%
AM
58%
free
58%
never
58%
still
58%
tell
58%
Yeah
58%
have
57%
I Bet You Think About Me
57%
up
57%
better
56%
friends
56%
that's
56%
Well
56%
has
55%
3
54%
over
54%
cause
53%
out
53%
time
53%
back
52%
you'll
52%
let
51%
bed
50%
couldn't
50%
done
50%
fine
50%
get
50%
leave
50%
awake
49%
'em
49%
every
49%
wasn't
49%
believe
48%
forget
48%
hard
48%
city
46%
harder
46%
fall
45%
God
45%
help
44%
insane"
44%
last
44%
life
44%
song
44%
farm
43%
grew
43%
house
43%
mansion
43%
wrote
43%
asleep
42%
dreams
42%
eyes
42%
fell
42%
heard
42%
lookin'
42%
need?
42%
pedigree
42%
raised
42%
community
41%
Does
41%
dollar
41%
Fast
41%
make
41%
million
41%
room
41%
table
41%
around
40%
couch
40%
different
40%
gated
40%
kitchen
40%
sad
40%
silver
40%
Thinkin'
40%
book
39%
early
39%
feel
39%
realized
39%
sit
39%
dancin'
38%
hadn't
38%
happy
38%
livin'
38%
snow
38%
spoon
38%
spring
38%
bills
37%
Hills
37%
meaning
37%
old
37%
talkin'
37%
yes
37%
Beverly
36%
jokes
36%
rolled
36%
tried
36%
fit
35%
laughed
35%
Mr.
35%
organic
35%
saved
35%
sayin'
35%
shit
35%
world
35%
reality
34%
searchin'
34%
shiny
34%
space
34%
Superior
34%
upper
34%
bright
33%
none
33%
Scared
33%
voices
33%
loud
32%
soul
32%
circles
31%
cool
31%
indie
31%
mattered
31%
shrink
31%
block
30%
crept
30%
felt
30%
week
30%
Glamorous
29%
hip
29%
turned
29%
crust
28%
concerts
27%
music
27%
status
25%
Chasin'
24%
No matching quizzes found
Score Distribution
Percent of People with Each Score
Percentile by Number Answered
Your Score History
You have not taken this quiz